000 00424nam a2200181Ia 4500
001 9199
005 20260306160706.0
008 260306t2015||||xx |||||||||||||| ||spa||
041 _aESP
082 _a375.001
_bP42
100 _aPeñaloza Ramella, Walter
_eAUT
245 0 _aEl currículo integral
260 _c2015
300 _a446 páginas :
_c24 cm.
650 _aGEN
654 _aCED
942 _cLIB
_dJUS
_fJUS
_2ddc
_n
999 _c9199
_d9199